Ngā tūpuna II o Te Whanganui-a-Tara /

Short biographies, including portraits where available, of Māori leaders of Port Nicholson (Te Whanganui-a-Tara) in the 1840s.

Salvato in:
Dettagli Bibliografici
Autore principale: Clarke, Sandra, 1941-
Enti autori: Wellington (N.Z.). City Council, Wellington Tenths Trust, Wellington City Libraries
Altri autori: Fiu, Lotofoa, Reweti, Ann
Natura: Libro
Lingua:English
Maori
Pubblicazione: Wellington, N.Z. : Wellington City Council : Wellington Tenths Trust, 2003.
Soggetti:
LEADER 02639cam a2200433 a 4500
001 c000279050
003 CARM
005 20080107112050.0
008 030729s2003 nz abc b 001 0ceng d
010 |a 2004478561 
019 1 |a 24972173  |5 LACONCORD2021 
020 |a 0909036519 (pbk.) 
035 |a (OCoLC)155855397  |5 LACONCORD2021 
040 |a NZNB  |c WP  |d NZNB  |d DLC  |d VCAV 
041 0 |a eng  |a mao 
042 |a lccopycat 
043 |a u-nz--- 
050 0 0 |a DU422.8  |b .C53 2003 
082 0 4 |a 920.009299442  |2 21 
100 1 |a Clarke, Sandra,  |d 1941- 
245 1 0 |a Ngā tūpuna II o Te Whanganui-a-Tara /  |c [Sandra Clarke, Lotofoa Fiu, Ann Reweti]. 
260 |a Wellington, N.Z. :  |b Wellington City Council :  |b Wellington Tenths Trust,  |c 2003. 
300 |a 60 p. :  |b ill., 1 map, ports. ;  |c 30 cm. 
500 |a "Wellington City Libraries"--T.p. verso. 
500 |a "With the publication of this, the second series of Ngā tūpuna o Te Whanganui-a-Tara, 48 biographies have been completed ... This volume extends our knowledge beyond the visible sites at Pipitea, Petone and Waiwhetu and the former Te Aro to the kainga at Tiakiwai, Kaiwharawhara, Ngauranga, Pakuao and Ohariu including present day Makara, and even Muka Muka"--Introd. 
500 |a Written by Sandra Clarke, Lotofoa Fiu and Ann Reweti. 
504 |a Includes bibliographical references (p. 52-53) and index. 
505 0 |a Minarapa Rangihatuake -- Wiremu te Kāhui Kararehe (abridged) -- Kārepa Tuwera -- Kerei Pakuahi -- Pairoke -- Hana te Awhitu -- Hana Waitara -- Rāwiri Matangi -- Manihera te Toru -- Mere Kapa Ngāmai I -- Mere te Hamene -- Te Wira Mangatuku -- Wiremu Kingi Puwhakaawe -- Harena Kauamo -- Karipa Tawake -- Enoka Hohepa Taitea -- Pirihira te Tia -- Hēmi Topine te Mamaku (abridged) -- Pairua te Rangikatatu -- Paratene te Wheoro -- Hārata te Kiore -- Aperhama Tuhana Wakaruamoko -- Taituha te Rena -- Wī Omere te Ipu -- Te Keepa Ngāpapa. 
520 |a Short biographies, including portraits where available, of Māori leaders of Port Nicholson (Te Whanganui-a-Tara) in the 1840s. 
546 |a English with some Māori. 
650 0 |a Maori (New Zealand people)  |z New Zealand  |z Wellington Region  |v Biography. 
700 1 |a Fiu, Lotofoa. 
700 1 |a Reweti, Ann. 
710 1 |a Wellington (N.Z.).  |b City Council. 
710 2 |a Wellington Tenths Trust. 
710 2 |a Wellington City Libraries. 
852 8 |b CARM  |h A3:AR15E0  |i F04261  |p 0456844  |f BK 
999 f f |i b1a562ca-cbb8-520f-9401-22c8521214ac  |s 1f7cec50-46b2-50e7-b9b9-fb3c6f11a9b5 
952 f f |p Can circulate  |a CAVAL  |b CAVAL  |c CAVAL  |d CARM 1 Store  |e F04261  |f A3:AR15E0  |h Other scheme  |i book  |m 0456844